Human rights: (Record no. 17156)

MARC details
000 -LEADER
fixed length control field 00889nam a22002417a 4500
005 - DATE AND TIME OF LATEST TRANSACTION
control field 20081021101127.0
008 - FIXED-LENGTH DATA ELEMENTS--GENERAL INFORMATION
fixed length control field 081021t xxu||||| |||| 00| 0 eng d
010 ## - LIBRARY OF CONGRESS CONTROL NUMBER
LC control number ENG-84194
020 ## - INTERNATIONAL STANDARD BOOK NUMBER
International Standard Book Number 8175101490
020 ## - INTERNATIONAL STANDARD BOOK NUMBER
Terms of availability 275.00 (hb)
035 ## - SYSTEM CONTROL NUMBER
System control number EN-67727
082 ## - DEWEY DECIMAL CLASSIFICATION NUMBER
Classification number 323.09541
100 ## - MAIN ENTRY--PERSONAL NAME
Personal name Nessa, Saifun
245 ## - TITLE STATEMENT
Title Human rights:
Remainder of title with special refrence to north-east India /
Statement of responsibility, etc by Saifun Nessa, Monideepa Sen and Lolita M Shangpliang
260 ## - PUBLICATION, DISTRIBUTION, ETC. (IMPRINT)
Place of publication, distribution, etc New Delhi
Name of publisher, distributor, etc Reliance Publishing House
260 ## - PUBLICATION, DISTRIBUTION, ETC. (IMPRINT)
Date of publication, distribution, etc 2007
300 ## - PHYSICAL DESCRIPTION
Extent xxiii,194p
Dimensions 22cm
500 ## - GENERAL NOTE
General note Includes bibliographical references
700 ## - ADDED ENTRY--PERSONAL NAME
Personal name Sen, Monideepa
Titles and other words associated with a name ed
700 ## - ADDED ENTRY--PERSONAL NAME
Personal name Shangpliang, Lolita M
Titles and other words associated with a name ed
942 ## - ADDED ENTRY ELEMENTS (KOHA)
Source of classification or shelving scheme Dewey Decimal Classification
Koha item type English Books
Classification part 323.09541
Call number suffix HUM
Holdings
Withdrawn status Lost status Source of classification or shelving scheme Damaged status Not for loan Home library Current library Date acquired Cost, normal purchase price Total Checkouts Full call number Barcode Date last seen Cost, replacement price Price effective from Koha item type
    Dewey Decimal Classification   Not For Loan D.B.Act.Division D.B.Act.Division 27/02/2007 275.00   323.09541 HUM EN-67727 21/10/2008 275.00 21/10/2008 English Books

© Delhi Public Library
Hit Counter
free hit counter